[Event "Barcelona Vila de Gracia op 23rd"]
[Site "Barcelona"]
[Date "2019.11.15"]
[Round "5"]
[White "Guix Torres, David"]
[Black "Galceran Porqueras, Joan"]
[Result "1-0"]
[WhiteElo "1965"]
[BlackElo "1753"]
[PlyCount "43"]
[EventDate "2019.10.11"]
[EventType "swiss"]
[EventRounds "9"]
[EventCountry "ESP"]
[SourceTitle "CBM 194 Extra"]
[Source "ChessBase"]
[SourceDate "2020.03.31"]
[SourceVersion "1"]
[SourceVersionDate "2020.03.31"]
[SourceQuality "1"]

1. e4 c5 2. Nf3 e6 3. d4 cxd4 4. c3 Nc6 5. Nxd4 a6 6. g3 Qc7 7. Bg2 Nf6 8. 0-0 d6 9. c4 Bd7 10. b3 Be7 11. Bb2 Nxd4 12. Qxd4 Bc6 13. Nc3 Rd8 14. Rac1 Qa5 15. Rfd1 Qh5 16. h3 e5 17. Qd3 Bd7 18. Qe2 Qh6 19. Rc2 Bxh3 20. Bc1 Bg4 21. f3 Qh5 22. fxg4 1-0

[Event "Barcelona Tres Peons 48th"]
[Site "Barcelona"]
[Date "2019.01.11"]
[Round "1.9"]
[White "Galceran Porqueras, Joan"]
[Black "Sanchez De Medina Vilagrasa, Enric"]
[Result "1-0"]
[WhiteElo "1770"]
[BlackElo "1490"]
[PlyCount "47"]
[EventDate "2019.01.11"]
[EventType "swiss"]
[EventRounds "8"]
[EventCountry "ESP"]
[SourceTitle "EXT 2024"]
[Source "ChessBase"]
[SourceDate "2023.10.10"]
[SourceVersion "1"]
[SourceVersionDate "2023.10.10"]
[SourceQuality "1"]

1. e4 e5 2. Bc4 Nf6 3. d4 Bd6 4. Nf3 Qe7 5. 0-0 0-0 6. Bg5 Nc6 7. Nc3 Nxd4 8. Nxd4 exd4 9. Nd5 Bxh2+ 10. Kxh2 Qd6+ 11. Bf4 Qe6 12. Qxd4 Nxd5 13. exd5 Qg4 14. Be5 Qh5+ 15. Kg1 Qh6 16. Rae1 d6 17. Bf4 Qh4 18. Re3 Bg4 19. Qe4 Qf6 20. Bd3 g6 21. Bh6 Bf5 22. Qf4 Rfe8 23. Bxf5 gxf5 24. Rg3+ 1-0

[Event "Barcelona Tres Peons-E 47th"]
[Site "Barcelona"]
[Date "2018.06.22"]
[Round "9.1"]
[White "Galceran Porqueras, Joan"]
[Black "Orriols Codina, Joan"]
[Result "0-1"]
[WhiteElo "1804"]
[BlackElo "1695"]
[PlyCount "70"]
[EventDate "2018.04.27"]
[EventType "tourn"]
[EventRounds "9"]
[EventCountry "ESP"]
[SourceTitle "EXT 2024"]
[Source "ChessBase"]
[SourceDate "2023.10.10"]
[SourceVersion "1"]
[SourceVersionDate "2023.10.10"]
[SourceQuality "1"]

1. e4 c6 2. d3 d5 3. Qe2 g6 4. Nf3 Bg7 5. g3 Nf6 6. Bg2 0-0 7. e5 Ng4 8. h3 Nh6 9. 0-0 Na6 10. Re1 Nc7 11. Nbd2 f5 12. Nb3 b6 13. Ng5 Nf7 14. Nxf7 Rxf7 15. c4 e6 16. Nd4 c5 17. Nf3 Rb8 18. Bg5 Qd7 19. Rad1 h6 20. Bc1 Bb7 21. d4 Qa4 22. b3 Qa6 23. dxc5 bxc5 24. cxd5 Qxe2 25. Rxe2 Nxd5 26. Rc2 Rc7 27. Ba3 Rbc8 28. Rdc1 Bf8 29. Ne1 Ba6 30. Bf1 Bxf1 31. Kxf1 f4 32. Ke2 g5 33. Nd3 c4 34. Bxf8 cxd3+ 35. Kxd3 Rxc2 0-1

[Event "Barcelona Tres Peons-E 47th"]
[Site "Barcelona"]
[Date "2018.06.01"]
[Round "6.4"]
[White "Perez Cuadrado, Eduardo"]
[Black "Galceran Porqueras, Joan"]
[Result "0-1"]
[WhiteElo "1740"]
[BlackElo "1804"]
[PlyCount "106"]
[EventDate "2018.04.27"]
[EventType "tourn"]
[EventRounds "9"]
[EventCountry "ESP"]
[SourceTitle "EXT 2024"]
[Source "ChessBase"]
[SourceDate "2023.10.10"]
[SourceVersion "1"]
[SourceVersionDate "2023.10.10"]
[SourceQuality "1"]

1. c4 e5 2. Nc3 Nf6 3. g3 d5 4. cxd5 Nxd5 5. Bg2 Be6 6. Nf3 Nxc3 7. bxc3 Nc6 8. 0-0 Be7 9. d3 0-0 10. c4 Qd7 11. Bb2 f6 12. Qa4 Rfd8 13. Rfd1 Nd4 14. Qxd7 Nxf3+ 15. Bxf3 Rxd7 16. Bc3 c6 17. a4 Rad8 18. Rdb1 Bc5 19. a5 Rc7 20. a6 b6 21. Ra4 Rdc8 22. Bb4 Bxb4 23. Raxb4 Bd7 24. c5 b5 25. d4 exd4 26. Rxd4 Kf7 27. e4 Re8 28. Bg2 Bc8 29. Ra1 Re5 30. f4 Rxc5 31. Ra2 Rd7 32. Rxd7+ Bxd7 33. Kf2 Rc3 34. f5 c5 35. Ke2 Bc6 36. Kd2 b4 37. Ra5 Ke7 38. Ra2 Kd6 39. Kd1 Bb5 40. Ra5 Bc6 41. Kd2 Ke5 42. Bf3 Kd4 43. Bd1 Ra3 44. Rxa3 bxa3 45. Bb3 Bxe4 46. g4 Bd5 47. Kc2 Bxb3+ 48. Kxb3 Kd3 49. Ka2 c4 50. h4 c3 51. Kb1 Kd2 52. g5 c2+ 53. Ka2 c1Q 0-1

[Event "Barcelona Tres Peons-E 47th"]
[Site "Barcelona"]
[Date "2018.05.18"]
[Round "4.3"]
[White "Salvador Gomez, Jesus Francisco"]
[Black "Galceran Porqueras, Joan"]
[Result "1/2-1/2"]
[WhiteElo "1619"]
[BlackElo "1804"]
[PlyCount "107"]
[EventDate "2018.04.27"]
[EventType "tourn"]
[EventRounds "9"]
[EventCountry "ESP"]
[SourceTitle "EXT 2024"]
[Source "ChessBase"]
[SourceDate "2023.10.10"]
[SourceVersion "1"]
[SourceVersionDate "2023.10.10"]
[SourceQuality "1"]

1. d4 Nf6 2. Nf3 e6 3. Bf4 c5 4. e3 cxd4 5. exd4 Nc6 6. c3 d6 7. Bg3 Be7 8. Nbd2 a6 9. Qc2 b5 10. a3 Bb7 11. Bd3 Rc8 12. Qb1 h6 13. h3 0-0 14. Be4 Nh5 15. Bh2 f5 16. Bd3 Nf6 17. Qa2 d5 18. Ne5 Nxe5 19. Bxe5 Bd6 20. Nf3 Qc7 21. 0-0 Nd7 22. Rfe1 Nxe5 23. Nxe5 Bxe5 24. Rxe5 Rce8 25. Rae1 Qc6 26. Qb1 Qd7 27. b4 Rf6 28. Qc2 Qf7 29. a4 Bc6 30. axb5 axb5 31. Qa2 Ra8 32. Qe2 Ra3 33. Bxb5 Rxc3 34. Bxc6 Rxc6 35. Qb5 Qc7 36. Ra1 Rc1+ 37. Rxc1 Qxc1+ 38. Kh2 Qf4+ 39. Kg1 Qxd4 40. Re1 e5 41. Rc1 Rb6 42. Qe8+ Kh7 43. Rc8 e4 44. Qf7 Qa1+ 45. Kh2 Qe5+ 46. Kg1 Rf6 47. Qg8+ Kg6 48. h4 Qe6 49. h5+ Kxh5 50. Qxg7 Qxc8 51. Qxf6 Qc1+ 52. Kh2 Qc7+ 53. Kg1 Qc1+ 54. Kh2 1/2-1/2

[Event "Barcelona Tres Peons-E 47th"]
[Site "Barcelona"]
[Date "2018.05.11"]
[Round "3.4"]
[White "Galceran Porqueras, Joan"]
[Black "Asensio Sanchez, Daniel"]
[Result "1-0"]
[WhiteElo "1804"]
[BlackElo "1725"]
[PlyCount "103"]
[EventDate "2018.04.27"]
[EventType "tourn"]
[EventRounds "9"]
[EventCountry "ESP"]
[SourceTitle "EXT 2024"]
[Source "ChessBase"]
[SourceDate "2023.10.10"]
[SourceVersion "1"]
[SourceVersionDate "2023.10.10"]
[SourceQuality "1"]

1. e4 e5 2. Bc4 Bc5 3. Nf3 Nc6 4. c3 Nf6 5. 0-0 0-0 6. d3 d6 7. Bg5 h6 8. Bh4 a6 9. h3 Na5 10. Bd5 c6 11. Bxf7+ Rxf7 12. b4 Ba7 13. bxa5 Qxa5 14. Qb3 Nh7 15. Nbd2 Qc7 16. d4 Kh8 17. dxe5 dxe5 18. Nxe5 Qxe5 19. Qxf7 Rb8 20. Bg3 Qxg3 21. Qe8+ Nf8 22. Qxf8+ Kh7 23. Qf3 Qd6 24. Nc4 Qc5 25. Qd3 Be6 26. e5+ Kg8 27. Nd6 Qxe5 28. Rae1 Qf6 29. Ne4 Qf7 30. Nd6 Qf6 31. Qe2 Bxh3 32. Qc4+ Kh7 33. Qd3+ Kh8 34. gxh3 Rf8 35. Ne4 Qh4 36. Kg2 Bb8 37. Nd6 Qg5+ 38. Kh1 Qh5 39. Re3 Rf3 40. Re8+ Qxe8 41. Qxf3 Bxd6 42. Rd1 Qe6 43. Qd3 Bc7 44. Qd7 Qe4+ 45. Kg1 Qg6+ 46. Qg4 Qe8 47. Rd7 Be5 48. Rxb7 Bxc3 49. Rc7 Bf6 50. Rc8 Bd8 51. Qd1 Qg6+ 52. Kh2 1-0

[Event "Barcelona Tres Peons 47th"]
[Site "Barcelona"]
[Date "2018.03.02"]
[Round "8.6"]
[White "Galceran Porqueras, Joan"]
[Black "Cabello Llopis, Joan Emili"]
[Result "0-1"]
[WhiteElo "1805"]
[BlackElo "1867"]
[PlyCount "38"]
[EventDate "2018.01.12"]
[EventType "swiss"]
[EventRounds "8"]
[EventCountry "ESP"]
[SourceTitle "EXT 2024"]
[Source "ChessBase"]
[SourceDate "2023.10.10"]
[SourceVersion "1"]
[SourceVersionDate "2023.10.10"]
[SourceQuality "1"]

1. e4 c6 2. d3 d5 3. Qe2 dxe4 4. dxe4 e5 5. Nf3 Nf6 6. Nc3 Qc7 7. Bg5 Nbd7 8. g3 Be7 9. Bg2 b5 10. a3 a5 11. Nh4 h6 12. Be3 b4 13. axb4 Bxb4 14. Bd2 Ba6 15. Qf3 g5 16. Nf5 g4 17. Qd1 0-0-0 18. Na4 Nc5 19. c3 Nd3+ 0-1

[Event "Barcelona Tres Peons 47th"]
[Site "Barcelona"]
[Date "2018.02.16"]
[Round "6.8"]
[White "Galceran Porqueras, Joan"]
[Black "Casabona Fina, David"]
[Result "1-0"]
[WhiteElo "1805"]
[BlackElo "1401"]
[PlyCount "69"]
[EventDate "2018.01.12"]
[EventType "swiss"]
[EventRounds "8"]
[EventCountry "ESP"]
[SourceTitle "EXT 2024"]
[Source "ChessBase"]
[SourceDate "2023.10.10"]
[SourceVersion "1"]
[SourceVersionDate "2023.10.10"]
[SourceQuality "1"]

1. e4 e5 2. Bc4 c6 3. Nf3 d5 4. exd5 e4 5. Qe2 Qe7 6. Ng1 Nf6 7. Nc3 Bg4 8. Qe3 Qc5 9. Qxc5 Bxc5 10. h3 Bd7 11. Nge2 0-0 12. 0-0 Re8 13. Ng3 Bd4 14. dxc6 Bxc6 15. Nb5 Bxb5 16. Bxb5 Re5 17. Ba4 b5 18. Bb3 Nbd7 19. c3 Bb6 20. Bc2 Rae8 21. b4 a5 22. a3 Rd5 23. Re1 Kf8 24. Nxe4 Rde5 25. d3 Nxe4 26. Rxe4 Rf5 27. Rxe8+ Kxe8 28. Be3 Bxe3 29. fxe3 axb4 30. axb4 Kd8 31. d4 Rf6 32. Bd3 Rc6 33. Ra3 Re6 34. Kf2 g6 35. Bxb5 1-0

[Event "Barcelona Tres Peons 47th"]
[Site "Barcelona"]
[Date "2018.02.09"]
[Round "5.7"]
[White "Torrents Ludewig, Miguel"]
[Black "Galceran Porqueras, Joan"]
[Result "1/2-1/2"]
[WhiteElo "2063"]
[BlackElo "1805"]
[PlyCount "69"]
[EventDate "2018.01.12"]
[EventType "swiss"]
[EventRounds "8"]
[EventCountry "ESP"]
[SourceTitle "EXT 2024"]
[Source "ChessBase"]
[SourceDate "2023.10.10"]
[SourceVersion "1"]
[SourceVersionDate "2023.10.10"]
[SourceQuality "1"]

1. Nf3 Nf6 2. d4 d5 3. c4 e6 4. Nc3 c6 5. e3 dxc4 6. Bxc4 b5 7. Bd3 b4 8. Na4 Ba6 9. 0-0 Bxd3 10. Qxd3 Qa5 11. Qc2 Bd6 12. Bd2 0-0 13. Rfc1 Qd5 14. Nc5 Bxc5 15. Qxc5 a5 16. a3 Qxc5 17. Rxc5 Ne4 18. Rcc1 Nxd2 19. Nxd2 bxa3 20. Rxa3 Rd8 21. Rc5 Rd5 22. Nf3 f6 23. Rac3 Kf7 24. Kf1 Ke7 25. Ke2 Rxc5 26. Rxc5 a4 27. Rc3 Ra5 28. Kd2 Kd6 29. Ne1 Nd7 30. Nd3 c5 31. dxc5+ Nxc5 32. Nxc5 Rxc5 33. Ra3 Rd5+ 34. Ke2 Rb5 35. Rxa4 1/2-1/2

[Event "Barcelona Tres Peons 47th"]
[Site "Barcelona"]
[Date "2018.02.02"]
[Round "4.4"]
[White "Galceran Porqueras, Joan"]
[Black "Daguro Dasalla, Armando"]
[Result "0-1"]
[WhiteElo "1805"]
[BlackElo "1955"]
[PlyCount "56"]
[EventDate "2018.01.12"]
[EventType "swiss"]
[EventRounds "8"]
[EventCountry "ESP"]
[SourceTitle "EXT 2024"]
[Source "ChessBase"]
[SourceDate "2023.10.10"]
[SourceVersion "1"]
[SourceVersionDate "2023.10.10"]
[SourceQuality "1"]

1. e4 c5 2. d3 e6 3. Nf3 Nc6 4. g3 Be7 5. Bg2 Nf6 6. 0-0 0-0 7. e5 Ne8 8. Re1 f5 9. h4 Qc7 10. Nc3 a6 11. Bf4 Rb8 12. a3 b5 13. Na2 Bb7 14. c3 Rf7 15. d4 c4 16. Nb4 Nxb4 17. axb4 Qb6 18. Ng5 Bxg5 19. hxg5 Bxg2 20. Kxg2 Nc7 21. Rh1 g6 22. Qf3 Nd5 23. Ra5 Qc6 24. Rha1 Rb6 25. Rh1 Qc8 26. Qd1 Qd8 27. Qa1 Qb8 28. Rxa6 Nxf4+ 0-1

[Event "Barcelona Tres Peons 47th"]
[Site "Barcelona"]
[Date "2018.01.19"]
[Round "2.2"]
[White "Vargas Drechsler, Carlos"]
[Black "Galceran Porqueras, Joan"]
[Result "0-1"]
[WhiteElo "2130"]
[BlackElo "1805"]
[PlyCount "50"]
[EventDate "2018.01.12"]
[EventType "swiss"]
[EventRounds "8"]
[EventCountry "ESP"]
[SourceTitle "EXT 2024"]
[Source "ChessBase"]
[SourceDate "2023.10.10"]
[SourceVersion "1"]
[SourceVersionDate "2023.10.10"]
[SourceQuality "1"]

1. d4 Nf6 2. Nf3 d5 3. c4 e6 4. g3 Be7 5. Bg2 0-0 6. 0-0 Nc6 7. Nbd2 Re8 8. Qc2 Bf8 9. e4 dxe4 10. Nxe4 Nxe4 11. Qxe4 f5 12. Qc2 Nxd4 13. Nxd4 Qxd4 14. Rd1 Qf6 15. Bd2 Bd6 16. f4 Bc5+ 17. Kh1 Bd4 18. Rab1 e5 19. fxe5 Bxe5 20. Re1 Bd7 21. Be3 Bc6 22. b4 Bc3 23. Bg5 Bxg2+ 24. Qxg2 Qxg5 25. Qxb7 Bxe1 0-1

[Event "Barcelona Tres Peons-C 45th"]
[Site "Barcelona"]
[Date "2016.06.10"]
[Round "9.1"]
[White "Suarez Garcia, Mario"]
[Black "Galceran Porqueras, Joan"]
[Result "0-1"]
[WhiteElo "1674"]
[BlackElo "1787"]
[PlyCount "64"]
[EventDate "2016.04.15"]
[EventType "swiss"]
[EventRounds "9"]
[EventCountry "ESP"]
[SourceTitle "EXT 2024"]
[Source "ChessBase"]
[SourceDate "2023.10.10"]
[SourceVersion "1"]
[SourceVersionDate "2023.10.10"]
[SourceQuality "1"]

1. e4 c5 2. Nf3 e6 3. d4 cxd4 4. Nxd4 a6 5. c4 Nf6 6. Nc3 Qc7 7. Bg5 Bb4 8. Bxf6 gxf6 9. Bd3 Nc6 10. Nxc6 bxc6 11. a3 Bxc3+ 12. bxc3 c5 13. 0-0 Bb7 14. f4 Ke7 15. Qf3 h5 16. Qe3 Rag8 17. Ra2 Rg7 18. Be2 a5 19. Bf3 Ba6 20. Rb2 h4 21. h3 Rhg8 22. e5 f5 23. Rfb1 Rg3 24. Rb6 Ra8 25. Bxa8 Rxe3 26. Rxa6 Rd3 27. Rb7 Qd8 28. Rbb6 Qg8 29. Rd6 Rxc3 30. Rd1 Rxc4 31. Ra7 Rd4 32. Rc1 Qg3 0-1

[Event "Barcelona Tres Peons-C 45th"]
[Site "Barcelona"]
[Date "2016.05.13"]
[Round "5.1"]
[White "Orriols Codina, Joan"]
[Black "Galceran Porqueras, Joan"]
[Result "1/2-1/2"]
[WhiteElo "1791"]
[BlackElo "1787"]
[PlyCount "55"]
[EventDate "2016.04.15"]
[EventType "swiss"]
[EventRounds "9"]
[EventCountry "ESP"]
[SourceTitle "EXT 2024"]
[Source "ChessBase"]
[SourceDate "2023.10.10"]
[SourceVersion "1"]
[SourceVersionDate "2023.10.10"]
[SourceQuality "1"]

1. d4 Nf6 2. c4 e5 3. dxe5 Ng4 4. Nf3 Bc5 5. e3 Nc6 6. a3 a5 7. Bd2 Ngxe5 8. Nxe5 Nxe5 9. Bc3 Qe7 10. Nd2 d6 11. Be2 0-0 12. 0-0 Be6 13. Qc2 f5 14. Nf3 Nxf3+ 15. Bxf3 c6 16. Qd2 Bb6 17. Rfd1 Rfd8 18. e4 Qf7 19. Qf4 fxe4 20. Qxe4 d5 21. Qh4 Rd7 22. cxd5 cxd5 23. Bd4 Bd8 24. Qg3 Bf6 25. Rac1 Bxd4 26. Rxd4 Qf6 27. Rcd1 Rad8 28. h3 1/2-1/2

[Event "Barcelona Tres Peons-C 45th"]
[Site "Barcelona"]
[Date "2016.04.22"]
[Round "2.1"]
[White "Galceran Porqueras, Joan"]
[Black "Moreno Oller, Victor"]
[Result "1-0"]
[WhiteElo "1787"]
[BlackElo "1436"]
[PlyCount "57"]
[EventDate "2016.04.15"]
[EventType "swiss"]
[EventRounds "9"]
[EventCountry "ESP"]
[SourceTitle "EXT 2024"]
[Source "ChessBase"]
[SourceDate "2023.10.10"]
[SourceVersion "1"]
[SourceVersionDate "2023.10.10"]
[SourceQuality "1"]

1. e4 c5 2. d3 e6 3. Qe2 h6 4. Nf3 Nf6 5. g3 Qc7 6. Bg2 Nc6 7. 0-0 b5 8. e5 Nd5 9. c4 Nb6 10. b3 b4 11. Bb2 Be7 12. Re1 Bb7 13. Nbd2 a5 14. d4 cxd4 15. Nxd4 Nxd4 16. Bxd4 Bxg2 17. Kxg2 Qc6+ 18. Qe4 Qxe4+ 19. Nxe4 Rb8 20. Rad1 h5 21. h4 Rh6 22. Be3 Rg6 23. Nd6+ Kf8 24. Kf1 f6 25. Bf4 fxe5 26. Rxe5 Ra8 27. Rxh5 Bxd6 28. Rxd6 Nc8 29. Rxd7 1-0

[Event "Barcelona Tres Peons op 16th"]
[Site "Barcelona"]
[Date "2015.02.13"]
[Round "5"]
[White "Baratech Galup, Juan Manuel"]
[Black "Galceran Porqueras, Joan"]
[Result "1/2-1/2"]
[WhiteElo "1959"]
[BlackElo "1924"]
[PlyCount "92"]
[EventDate "2015.01.16"]
[EventType "swiss"]
[EventRounds "9"]
[EventCountry "ESP"]
[SourceTitle "EXT 2016"]
[Source "ChessBase"]
[SourceDate "2015.10.08"]
[SourceVersion "1"]
[SourceVersionDate "2015.10.08"]
[SourceQuality "1"]

1. d4 Nf6 2. Nf3 d5 3. g3 Bg4 4. Bg2 Nc6 5. c3 Qd7 6. 0-0 Bh3 7. Bf4 Bxg2 8. Kxg2 e6 9. Ne5 Nxe5 10. Bxe5 Bd6 11. Bxd6 Qxd6 12. Qb3 0-0 13. Nd2 c5 14. Rab1 Rab8 15. Qa4 a6 16. Nf3 b5 17. Qa3 Ne4 18. dxc5 Qxc5 19. Qxc5 Nxc5 20. Nd4 Rfc8 21. Rfd1 Rc7 22. a3 Rbc8 23. f3 Kf8 24. Kf2 Ke7 25. Nc2 Nb3 26. Nd4 Nxd4 27. Rxd4 Rc4 28. Rbd1 f5 29. f4 Rxd4 30. Rxd4 Rc4 31. Ke3 Rc8 32. a4 Kd6 33. axb5 axb5 34. h3 Ra8 35. g4 Ra2 36. gxf5 exf5 37. Rd2 Ra1 38. Kf2 Kc5 39. Kg2 Ra4 40. e3 Ra2 41. Kg3 Ra4 42. Kf3 Ra1 43. Kf2 Rh1 44. Kg2 Re1 45. Kf3 Rh1 46. Kg2 Re1 1/2-1/2

[Event "Barcelona Tres Peons op-B 15th"]
[Site "Barcelona"]
[Date "2013.02.01"]
[Round "4"]
[White "Galceran Porqueras, Joan"]
[Black "Aparicio Escudero, Hector F"]
[Result "1/2-1/2"]
[WhiteElo "1834"]
[BlackElo "1715"]
[PlyCount "80"]
[EventDate "2013.01.11"]
[EventType "swiss"]
[EventRounds "9"]
[EventCountry "ESP"]
[SourceTitle "EXT 2014"]
[Source "ChessBase"]
[SourceDate "2013.11.20"]
[SourceVersion "1"]
[SourceVersionDate "2013.11.20"]
[SourceQuality "1"]

1. e4 Nc6 2. Nf3 d6 3. d4 Nf6 4. Nc3 Bg4 5. Be2 e5 6. dxe5 dxe5 7. 0-0 Bd6 8. Bg5 h6 9. Bxf6 Qxf6 10. Nd5 Qe6 11. c3 0-0 12. Nd2 Bxe2 13. Qxe2 Ne7 14. Nxe7+ Bxe7 15. Rfd1 a6 16. Qc4 Qb6 17. Qb3 Qxb3 18. Nxb3 b6 19. Rd5 Bd6 20. Rad1 f5 21. Nd2 Rae8 22. exf5 Rxf5 23. Ne4 Bf8 24. Rd7 Rf7 25. Kf1 Rxd7 26. Rxd7 Re7 27. Rd5 Kf7 28. Ke2 Ke6 29. Rd8 Rf7 30. f3 Be7 31. Rd3 Bd6 32. h4 Rd7 33. Ke3 Be7 34. Rxd7 Kxd7 35. h5 Ke6 36. c4 Bd8 37. g4 Be7 38. Ng3 a5 39. Nf5 Bf6 40. Ke4 c6 1/2-1/2

[Event "Barcelona Tres Peons op-B 15th"]
[Site "Barcelona"]
[Date "2013.01.25"]
[Round "3"]
[White "Hernando Rodrigo, Lourdes"]
[Black "Galceran Porqueras, Joan"]
[Result "1-0"]
[WhiteElo "1767"]
[BlackElo "1834"]
[PlyCount "37"]
[EventDate "2013.01.11"]
[EventType "swiss"]
[EventRounds "9"]
[EventCountry "ESP"]
[SourceTitle "EXT 2014"]
[Source "ChessBase"]
[SourceDate "2013.11.20"]
[SourceVersion "1"]
[SourceVersionDate "2013.11.20"]
[SourceQuality "1"]

1. d4 Nf6 2. Nf3 d5 3. e3 Bf5 4. c4 e6 5. Qb3 b6 6. Nc3 Be7 7. Ne5 0-0 8. Be2 Ne4 9. cxd5 Nxc3 10. bxc3 Qxd5 11. c4 Qb7 12. 0-0 Bf6 13. f4 Rd8 14. Bb2 Be4 15. Bf3 Bxe5 16. fxe5 Nd7 17. Bxe4 Qxe4 18. Rf4 Qxe3+ 19. Qxe3 1-0

[Event "Barcelona Tres Peons op"]
[Site "Barcelona"]
[Date "1999.??.??"]
[Round "4"]
[White "Galceran Porqueras, Joan"]
[Black "Torrents Pages, Ramon"]
[Result "1-0"]
[WhiteElo "1880"]
[BlackElo "2035"]
[PlyCount "89"]
[EventDate "1999.??.??"]
[EventType "swiss"]
[EventRounds "9"]
[EventCountry "ESP"]
[SourceTitle "EXT 2000"]
[Source "ChessBase"]
[SourceDate "1999.11.16"]
[SourceVersion "1"]
[SourceVersionDate "1999.11.16"]
[SourceQuality "1"]

1. e4 c5 2. Nf3 d6 3. d4 cxd4 4. Nxd4 Nf6 5. Nc3 g6 6. Be2 Bg7 7. Be3 0-0 8. Qd2 Nc6 9. Nb3 Ne5 10. h3 Bd7 11. f4 Nc6 12. 0-0-0 a5 13. a4 Be6 14. Nd4 Rc8 15. Nxe6 fxe6 16. Bc4 d5 17. exd5 Nb4 18. Bb3 exd5 19. Nxd5 Nfxd5 20. Bxd5+ Nxd5 21. Qxd5+ Qxd5 22. Rxd5 Rc6 23. Rxa5 Rfc8 24. c3 Bxc3 25. bxc3 Rxc3+ 26. Kd2 Rc2+ 27. Ke1 Rb2 28. Rd5 Rcc2 29. Kd1 Rc4 30. Rg1 Rxa4 31. Rd2 Rb3 32. Ke2 Re4 33. Rd3 Rb2+ 34. Kf3 Ra4 35. Re1 Raa2 36. Rd8+ Kf7 37. Bc5 Rb3+ 38. Re3 Rxe3+ 39. Bxe3 Ke6 40. Rd2 Ra3 41. Rb2 h6 42. Rxb7 g5 43. Rb6+ Kf7 44. Rxh6 gxf4 45. Kxf4 1-0

[Event "Barcelona Tres Peons op"]
[Site "Barcelona"]
[Date "1999.??.??"]
[Round "2"]
[White "Galceran Porqueras, Joan"]
[Black "Vallbona Domingo, Joan"]
[Result "0-1"]
[WhiteElo "1880"]
[BlackElo "2050"]
[PlyCount "86"]
[EventDate "1999.??.??"]
[EventType "swiss"]
[EventRounds "9"]
[EventCountry "ESP"]
[SourceTitle "EXT 2000"]
[Source "ChessBase"]
[SourceDate "1999.11.16"]
[SourceVersion "1"]
[SourceVersionDate "1999.11.16"]
[SourceQuality "1"]

1. e4 c5 2. Nf3 e6 3. d4 cxd4 4. Nxd4 a6 5. Be2 Nf6 6. Bf3 d6 7. 0-0 Be7 8. c4 Qc7 9. b3 0-0 10. Bb2 Nbd7 11. Nc3 Ne5 12. Be2 Rd8 13. f4 Nc6 14. Nxc6 Qxc6 15. Qc2 Qc7 16. Rad1 Bd7 17. Bf3 Rac8 18. Ne2 b5 19. e5 Ne8 20. Rc1 d5 21. Kh1 bxc4 22. bxc4 Bb5 23. Nd4 Bxc4 24. Be2 Qb7 25. Bc3 g6 26. Rf3 Qd7 27. g4 Bxe2 28. Qxe2 Qa4 29. f5 Rxc3 30. Rcxc3 Qxd4 31. fxe6 fxe6 32. Qxa6 Ng7 33. Qb7 Bc5 34. Rxc5 Qxc5 35. Rf7 Qc1+ 36. Kg2 Qc2+ 37. Kg3 Qc3+ 38. Kg2 Qxe5 39. Qe7 Ra8 40. h3 h6 41. Rf2 Rc8 42. Qf7+ Kh7 43. Rf3 Rc2+ 0-1

[Event "Barcelona Tres Peons op"]
[Site "Barcelona"]
[Date "1999.??.??"]
[Round "9"]
[White "Gonzalez Garcia, Marc"]
[Black "Galceran Porqueras, Joan"]
[Result "1-0"]
[WhiteElo "2075"]
[BlackElo "1880"]
[PlyCount "129"]
[EventDate "1999.??.??"]
[EventType "swiss"]
[EventRounds "9"]
[EventCountry "ESP"]
[SourceTitle "EXT 2000"]
[Source "ChessBase"]
[SourceDate "1999.11.16"]
[SourceVersion "1"]
[SourceVersionDate "1999.11.16"]
[SourceQuality "1"]

1. d4 Nf6 2. Bg5 h6 3. Bxf6 exf6 4. e3 d5 5. Bd3 Be6 6. Nd2 Bd6 7. Qf3 Qd7 8. Ne2 Nc6 9. c3 Ne7 10. h3 g5 11. Qxf6 0-0-0 12. e4 dxe4 13. Nxe4 Nd5 14. Nxd6+ Qxd6 15. Qf3 Rhf8 16. 0-0-0 f5 17. g3 Ne7 18. Qh5 Bxa2 19. Rhe1 Qb6 20. Nf4 Qd6 21. Ng2 Nd5 22. Ne3 Nxe3 23. Rxe3 f4 24. Re5 fxg3 25. fxg3 Qb6 26. Rde1 Rf2 27. Qg4+ Kb8 28. R5e2 Rxe2 29. Qxe2 a6 30. Qe7 Qd6 31. Qxd6 Rxd6 32. Re8+ Ka7 33. Re5 Re6 34. Bf5 Rf6 35. g4 Bc4 36. Kd2 Kb6 37. Ke1 Kc6 38. Rc5+ Kd6 39. Rxc4 b6 40. Ra4 a5 41. b4 axb4 42. Rxb4 Rf8 43. Ra4 Kd5 44. Kd2 Kd6 45. Ra1 Rf7 46. Re1 Rf6 47. Re8 c6 48. Rg8 c5 49. Rg6 Rxg6 50. Bxg6 cxd4 51. cxd4 Kd5 52. Kd3 Kd6 53. Be4 Kd7 54. Kc4 Kd6 55. Kb5 Kc7 56. Ka6 b5 57. Kxb5 Kd6 58. Kb6 Kd7 59. Kc5 Kc7 60. Kd5 Kd7 61. Ke5 Ke7 62. Bd5 Kf8 63. Kf6 Ke8 64. Kg6 Ke7 65. Kxh6 1-0